| 000 | 00743nam a2200229 a 4500 | ||
|---|---|---|---|
| 001 | 000042630 | ||
| 005 | 20201002040303.0 | ||
| 008 | 140203s2004 sp 000 0 spa d | ||
| 020 | _z843397074X | ||
| 040 |
_aDO-SdBNP _bspa _cBNPHU |
||
| 041 | 1 | 7 |
_aspa _heng |
| 082 |
_axxx _bxxx |
||
| 100 | 1 |
_aDarrieussecq, Marie, _d1969- _969893 |
|
| 240 | 1 | 0 |
_aLe bébé _lEspañol |
| 245 | 1 | 3 |
_aEl bebé / _cMarie Darrieussecq ; traducción de Joaquín Jordá. |
| 260 |
_aBarcelona : _bAnagrama, _c2004. |
||
| 300 |
_a126 p. ; _c22 cm. |
||
| 490 | 1 |
_aPanorama de narrativas _v586 |
|
| 500 | _aIncluye datos biográficos dela autora en la solapa de la cubierta | ||
| 700 | 1 | 2 |
_aJordá, Joaquín _etr. _953552 |
| 830 | 0 |
_aPanorama de narrativas _n586 _969894 |
|
| 999 |
_c42119 _d42119 |
||